Responses for show #3474 - Thursday, October 14, 1999

Contestants

[<< previous game]

David Waters, a public information officer from Portland, Oregon

Jennifer O'Brien, a professor from Lake Forest, Illinois

Robin Jacobsen, a teacher of global studies from Farmingdale, New York (whose 2-day cash winnings total $9,500)

[next game >>]

Jeopardy! Round responses

HISTORIC NAMES
MUSICAL INSTRUMENTS
TV TO FILM
SILENT "GH"
WHAT IS THAT THING?
(Alex: We'll tell you what the creature is and you tell us what kind of creature it is.)
YOU OUGHTA KNOW
    $100 6
Geoffrey Chaucer

David
    $100 26
Ukulele

David
    $100 1
The X-Files

David
    $100 11
Bough

David
    $100 14
Fish

Robin
    $100 19
Arcade

Jennifer
    $200 7
(D: Who was Brutus?)

Mark Antony

RobinDavid
    $200 27
Bagpipes

Jennifer
    $200 2
The Mod Squad

David
    $200 12
Neigh

Jennifer
    $200 15
(R: What is a snake?)
(J: What is a wolf?)

Duck

RobinJennifer
Triple Stumper
    $200 20
Bear claws

Jennifer
    $300 8
George Washington Carver

Robin
    $300 28
Harpsichord

Jennifer
    $300 3
Maverick

Jennifer
    $300 13
Thighbone

David
    $300 18
Beetle

David
    $300 21
Intel

Jennifer
    $400 9
(R: What is Rome?)
(Alex: He had spent the last few summers at Los Alamos helping to make the atomic bomb.)

Chicago

Robin
    $400 29
(D: What is a recorder?)

Fife

JenniferDavid
    $400 4
South Park

Robin
    $400 16
Boroughs

Robin
    $400 24
Spider

David
    $400 22
J.M. Barrie

Robin
    $500 10
Giuseppe Garibaldi

David
    $500 30
kazoo

Triple Stumper
    $500 5
(J: What is "The Beverly Hotelbillies?')

The Beverly Hillbillies

JenniferDavid
    $500 17
Sourdough

David
    $500 25
Snake

Triple Stumper
    $500 23
(Alex: It shows up in toothpaste as stannous fluoride.)
(we have a minute to go, Robin...)

Tin

Triple Stumper

Scores at the first commercial break (after clue 13):

Robin Jennifer David
$500 $0 $1,600

Scores at the end of the Jeopardy! Round:

Robin Jennifer David
$1,200 $1,300 $2,500

Double Jeopardy! Round responses

ANCIENT GREECE
HEE HAW
(Alex: The TV show.)
THE BIBLE
ISLANDS
BANNED!
PRESIDENTIAL RHYME TIME
    $200 9
(J: What is Athens?)

Sparta

JenniferDavid
    $200 15
(Alex: How soon we forget...I hope this is not an indication of how well you plan to do with the rest of this category!)

Buck Owens & Roy Clark

Triple Stumper
    $200 16
The Good Samaritan

David
    $200 6
Japan

Jennifer
    $200 1
Olivia Newton-John

Jennifer
    $200 19
Jimmy's shimmies

Robin
    $400 10
Marathon

David
    $400 27
George H.W. Bush

Jennifer
    $400 17
Joseph

David
    $400 7
Persian Gulf

Robin
    $400 2
Little Red Riding Hood

Robin
    $400 20
Taylor's sailors

David
    $600 11
Delphi

David
    $600 28
Grandpa Jones

Triple Stumper
    $600 18
Jesus

Robin
    $600 8
(D: What is Jamaica?)

Trinidad

David
Triple Stumper
    $700 3
Huckleberry Finn

Robin
    $600 23
Harry's parrys

Jennifer
    $800 12
Solon

David
    $800 29
Goober

Jennifer
    $800 21
Nineveh

Triple Stumper
    $800 14
Micronesia

Triple Stumper
    $800 4
The Merchant of Venice

David
    $800 24
George's forges

Robin
    $1000 13
(Alex: Well done in the category -- a scholar of mythology as well as ancient Greece!)

Thermopylae

David
    $1000 30
(Alex: They didn't do too well on Hee Haw!)

KORN (Charlie Parkinson)

Triple Stumper
    $1000 26
(D: What is an archangel?)
(we have less than a minute to go....)

Cherubim

JenniferDavid
    $1000 22
Ile de la Cite (Isle of the City)

Triple Stumper
    $1000 5
(J: What is "Fannie Hill?")

Moll Flanders

JenniferDavid
    $2,000 25
(R: What are Grant's pants?)
(Alex: Ohhh...you added one letter!)

Grant's ants

Robin

Scores at the end of the Double Jeopardy! Round:

Robin Jennifer David
$2,300 $3,300 $6,700
(lock game)

[wagering suggestions for these scores]

Final Jeopardy! Round responses

MAGAZINES
(Alex: Told you it wasn't about Hee Haw!)
RobinWhat is Harper's Bazaar?
$2,300
JenniferWhat is something i don't
$3,299
DavidWhat is Harper's
$90
Glamour

Final scores:

Robin Jennifer David
$0 $1 $6,610
3rd place: Polaroid Photomax Digital Camera Creative Kit 2nd place: Zenith 36" Stereo TV & DirecTV Satellite System New champion: $6,610

Game dynamics:

Coryat scores:

Robin Jennifer David
$4,600 $3,300 $6,700
12 R
(including 1 DD),
3 W
(including 2 DDs)
14 R,
4 W
21 R,
4 W

Combined Coryat: $14,600

The J! Archive is created by fans, for fans. The Jeopardy! game show and all elements thereof, including but not limited to copyright and trademark thereto, are the property of Jeopardy Productions, Inc. and are protected under law. This website is not affiliated with, sponsored by, or operated by Jeopardy Productions, Inc. Join the discussion at JBoard.tv.